000 01403nam a2200361Ia 4500
001 Z_4910
003 CHAP
008 220113s2003 xx 000 0 und d
010 _a167965
040 _cCHAP
090 _aTesis B37 1752
100 _aBarajas Pérez, Juan Saúl
_910045
245 _aEfecto residual en la producción de leche, condición corporal en vacas holstein que dejaron de consumir suplemento a base de grasas y aminoácidos sobrepasantes /
_cpor Juan Saúl Barajas Pérez y Pedro Hernández Díaz
260 _aMéxico :
_bEl autor,
_c2003
300 _a67 h.
502 _aTesis (Ingeniero Agrónomo Especialista en Zootecnia) -- UACh, 2011 \ Dirección: José Ayala Oseguera ; asesoría: Carlos Apodaca Sarabia y Jaime Armendáriz Martínez
650 _aAminoácidos en nutrición animal
_95342
650 _aCondición corporal
_926335
650 _aGanado Holstein
_945133
650 _aGanado vacuno
_xAlimentación
_945429
650 _aGanado vacuno
_xNutrición
_945498
650 _aLeche
_xProducción
_965400
700 _a Apodaca Sarabia, Carlos, asesor
_9139207
700 _a Armendáriz Martínez, Jaime, asesor
_9142195
700 _a Ayala Oseguera, José, director
_9142196
700 _aHernández Díaz, Pedro, coaut.
_9142197
901 _aTESIS B37 1752
902 _aM
910 _a2003
942 _c2
942 _c2
999 _c167965
_d167965